MARC

LEADER 00000nam0a2200000 4500
001 135270
005 20231101220536.0
035 |a (RuTPU)RU\TPU\book\146604 
090 |a 135270 
100 |a 20080408d1980 km y0rusy50 ca 
101 0 |a rus 
102 |a RU 
105 |a a z 001zy 
200 1 |a Динамика машин  |f Академия наук СССР, Институт машиноведения им. А. А. Благонравова ; под ред. А. П. Бессонова 
210 |a Москва  |c Наука  |d 1980 
215 |a 166 с.  |c ил. 
320 |9 572  |a Библиогр. в конце ст. 
606 1 |a Машины  |x Динамика  |2 stltpush  |3 (RuTPU)RU\TPU\subj\41691  |9 61477 
610 1 |a механизмы 
610 1 |a агрегаты 
610 1 |a конструкции 
610 1 |a неголономные связи 
610 1 |a движение 
610 1 |a устойчивость 
610 1 |a уравновешивание 
610 1 |a оптимизация 
610 1 |a параметры 
610 1 |a переменные параметры 
610 1 |a ударные механизмы 
610 1 |a гибкие связи 
675 |a 621.01:531.3  |v 3 
702 1 |a Бессонов  |b А. П.  |4 340 
712 0 2 |a Академия наук СССР  |b Институт машиноведения им. А. А. Благонравова  |c (Москва)  |2 stltpush  |3 (RuTPU)RU\TPU\col\13568 
801 1 |a RU  |b 63413507  |c 20080228  |g PSBO 
801 2 |a RU  |b 63413507  |c 20210414  |g PSBO 
942 |c BK